Handbook of rehabilitation psychology / (Record no. 43)

MARC details
000 -LEADER
fixed length control field 03161fam a2200289 a 4500
005 - DATE AND TIME OF LATEST TRANSACTION
control field 20260322212004.0
008 - FIXED-LENGTH DATA ELEMENTS--GENERAL INFORMATION
fixed length control field data
010 ## - LIBRARY OF CONGRESS CONTROL NUMBER
LC control number 99087407
020 ## - INTERNATIONAL STANDARD BOOK NUMBER
International Standard Book Number 1557986444 (alk. paper)
020 ## - INTERNATIONAL STANDARD BOOK NUMBER
International Standard Book Number 9781557986443 (alk. paper)
040 ## - CATALOGING SOURCE
Original cataloging agency DLC
Transcribing agency DLC
Modifying agency CtY-M
-- CtY-M
042 ## - AUTHENTICATION CODE
Authentication code pcc
050 00 - LIBRARY OF CONGRESS CALL NUMBER
Classification number R726.7
Item number .H366 2000
096 ## - LOCALLY ASSIGNED NLM-TYPE CALL NUMBER (OCLC)
Classification number WB 320 H2363 2000
001 - CONTROL NUMBER
control field data
245 00 - TITLE STATEMENT
Title Handbook of rehabilitation psychology /
Statement of responsibility, etc. edited by Robert G. Frank & Timothy R. Elliott.
250 ## - EDITION STATEMENT
Edition statement 1st ed.
260 ## - PUBLICATION, DISTRIBUTION, ETC.
Place of publication, distribution, etc. Washington, DC :
Name of publisher, distributor, etc. American Psychological Association
Date of publication, distribution, etc. c2000.
300 ## - PHYSICAL DESCRIPTION
Extent xiv, 727 p. :
Other physical details ill. ;
Dimensions 27 cm.
504 ## - BIBLIOGRAPHY, ETC. NOTE
Bibliography, etc. note Includes bibliographical references and index.
590 ## - LOCAL NOTE (RLIN)
Local note Clinical Conditions -- Spinal Cord Injury / J. Scott Richards, Donald Kewman, Christopher Pierce -- Limb Amputation / Bruce Rybarczyk, Lynda Szymanski, John J. Nicholas -- Traumatic Brain Injury / Mitchell Rosenthal, Joseph Ricker -- Stroke / Bruce Caplan, Steve Moelter -- Geriatric Issues / Peter A. Lichtenberg, Susan E. MacNeill -- Neuromuscular and Musculoskeletal Disorders in Children / Dennis C. Harper, David B. Peterson -- Brain Injuries / David R. Patterson, Greg R. Ford -- Multiple Sclerosis / Gerald M. Devins, Zachary Shnek -- Chronic Pain / Daniel M. Doleys -- Hearing and Vision Loss / Robert Q. Pollard, Jr., Ilene Miner, Joe Cioffi -- Psychiatric Rehabilitation / Gary R. Bond, Sandra G. Resnick -- Critical Factors in Rehabilitation Psychology -- Functional Status and Quality of Life Measures / Allen Heinemann -- Assessment of Psychopathology and Personality in Persons with Disabilities / Cynthia L. Padnitz, Neil Bockian, Alberto I. Moran -- Evaluating Outcomes Research: Statistical Concerns and Clinical Relevance / Mary J. McAweeney -- Neuropsychological Assessment / Tim Conway, Bruce Crosson -- Forensic Psychological Evaluation in Rehabilitation / Brick Johnstone, Laura H. Schopp, Cheryl L. Shigacki -- Patients with Brain Tumors / Marc W. Haut, Stephen M. Bloomfield, Jody Kashden, Jennifer S. Haut -- Pediatric Neuropsychology / Janet E. Farmer, Laura Muhlenbruck -- Alcohol and Traumatic Disability / Charles H. Bombardier -- Postacute Brain Injury Rehabilitation / James F. Malec, Jennie L. Ponsford -- Neuroimaging and Rehabilitation Outcome / Erin Bigler -- Rehabilitation Based on Behavioral Neuroscience / Edward Taub, Gitendra Uswatte -- Social Interpersonal Issues in Rehabilitation -- Disability and Vocational Behavior / Edna Mora Symanski -- Injury Prevention / Frank A. Fee, Dawn A. Bouman -- Social Support and Adjustment to Disability / Kathleen Chwalisz, Alan Vaux -- Family Caregiving in Chronic Disease and Disability / Richard Shewchuk, Timothy R. Elliott -- Social Psychological Issues in Disabil
650 #0 - SUBJECT ADDED ENTRY--TOPICAL TERM
Topical term or geographic name entry element Clinical health psychology
Form subdivision Handbooks, manuals, etc.
650 #0 - SUBJECT ADDED ENTRY--TOPICAL TERM
Topical term or geographic name entry element Medical rehabilitation
General subdivision Psychological aspects
Form subdivision Handbooks, manuals, etc.
700 1# - ADDED ENTRY--PERSONAL NAME
Personal name Frank, Robert G.,
Dates associated with a name 1952-
700 1# - ADDED ENTRY--PERSONAL NAME
Personal name Elliott, Timothy R.
856 40 - ELECTRONIC LOCATION AND ACCESS
Uniform Resource Identifier <a href="https://openlibrary.org/works/OL18458260W/Handbook_of_rehabilitation_psychology?edition=handbookofrehabi0000unse_o9d9">https://openlibrary.org/works/OL18458260W/Handbook_of_rehabilitation_psychology?edition=handbookofrehabi0000unse_o9d9</a>
Link text Online access from the Open Library.
Public note Requires free sign up.
Holdings
Withdrawn status Lost status Damaged status Not for loan Home library Current library Shelving location Date acquired Total checkouts Full call number Barcode Date last seen Price effective from Koha item type
        Riverside Riverside General stacks 22/03/2026   R726.7 .H366 2000 BC0010043 22/03/2026 22/03/2026 Books